[Event "Sao Paulo"]
[Site "Sao Paulo"]
[Date "1977.??.??"]
[Round "8"]
[White "Miles, Anthony J"]
[Black "Benko, Pal C"]
[Result "1-0"]
[WhiteElo "2555"]
[BlackElo "2455"]
[PlyCount "139"]
[EventDate "1977.05.??"]
[Source "www.chesslib.no"]
[SourceDate "2004.05.04"]

1. c4 e5 2. Nc3 d6 3. Nf3 f5 4. d4 e4 5. Ng1 c6 6. b4 Be7 7. b5 Nf6 8. Nh3 O-O 9. e3 Kh8 10. Bb2 cxb5 11. cxb5 a6 12. bxa6 Nxa6 13. Be2 d5 14. Qb3 Nc7 15. O-O Ne6 16. f4 h6 17. a4 g5 18. Ba3 Bxa3 19. Qxa3 g4 20. Nf2 Rg8 21. g3 Rg7 22. Nb5 Ne8 23. Rfc1 Bd7 24. Qb4 Bc6 25. a5 Qd7 26. Nc3 Qd8 27. a6 bxa6 28. Ncxe4 Rb8 29. Qa3 Bb5 30. Bxb5 axb5 31. Nc5 Nxc5 32. Rxc5 b4 33. Qb3 Nf6 34. Nd3 Ne4 35. Rca5 Nd2 36. Qxd5 Qxd5 37. Rxd5 b3 38. Nb2 Rc7 39. Rc5 Rxc5 40. dxc5 Rc8 41. Rc1 Rc6 42. Nd3 Kg7 43. Kg2 Ne4 44. Rb1 Nxc5 45. Rc1 Rc7 46. Nxc5 b2 47. Rb1 Rxc5 48. Rxb2 Rc3 49. Kf2 Ra3 50. Ke2 Kf6 51. Rc2 Kg6 52. Kd2 Kf6 53. Rc6+ Kg7 54. Rc3 Ra2+ 55. Kd3 Rxh2 56. e4 fxe4+ 57. Kxe4 h5 58. Kf5 h4 59. Rc7+ Kh6 60. Rc6+ Kg7 61. gxh4 g3 62. Rg6+ Kh7 63. Rg4 Kh6 64. Kf6 g2 65. f5 g1=Q 66. Rxg1 Rxh4 67. Re1 Rh2 68. Kf7 Ra2 69. Re6+ Kh7 70. f6 1-0

[Event "URS Ch sf"]
[Site "Odessa UKR"]
[Date "1974.??.??"]
[Round "?"]
[White "Romanishin, Oleg M"]
[Black "Balashov, Yuri S"]
[Result "1/2-1/2"]
[WhiteElo "2470"]
[BlackElo "2540"]
[PlyCount "136"]
[EventDate "1974.??.??"]
[Source "www.chesslib.no"]
[SourceDate "2004.05.04"]

1. c4 e5 2. Nc3 d6 3. Nf3 f5 4. d4 e4 5. Ng5 h6 6. Nh3 g5 7. f3 Nf6 8. Nf2 Qe7 9. fxe4 fxe4 10. Be3 Bg7 11. g3 c6 12. Qb3 O-O 13. Bg2 Bf5 14. O-O-O Na6 15. h3 Bg6 16. g4 d5 17. h4 gxh4 18. g5 hxg5 19. Bxg5 Qc7 20. Bh3 Rae8 21. Ng4 Nxg4 22. Bxg4 dxc4 23. Qxc4+ Qf7 24. Qxf7+ Rxf7 25. Rxh4 Nc7 26. e3 Ne6 27. Bxe6 Rxe6 28. Ne2 c5 29. Nf4 Rxf4 30. Bxf4 cxd4 31. Rg1 d3 32. Bh6 Rc6+ 33. Kb1 Be5 34. Bf4 Bg7 35. Rhg4 Kf7 36. Rf1 Bf6 37. Be5 Bh5 38. Rgf4 d2 39. Bxf6 d1=Q+ 40. Rxd1 Bxd1 41. Bc3+ Ke7 42. Rxe4+ Kd7 43. Rh4 Re6 44. e4 Bf3 45. e5 Rg6 46. Kc2 Bd5 47. a3 Be6 48. Rd4+ Kc7 49. Kd2 Rg2+ 50. Ke3 Rg3+ 51. Kf2 Rg4 52. Rd6 Rg6 53. Ba5+ b6 54. Bc3 Bf5 55. Rd1 Kc6 56. Ke3 Bc8 57. Rd8 Bd7 58. Ra8 Kb7 59. Rf8 Kc6 60. Rf7 a5 61. Bd4 Be6 62. Rf8 Rg8 63. Rf1 Rg3+ 64. Kf2 Rh3 65. Rc1+ Kd5 66. Bc3 Ke4 67. Re1+ Kf4 68. Bd2+ Kf5 1/2-1/2

[Event "Lanzarote"]
[Site "Lanzarote"]
[Date "1977.??.??"]
[Round "?"]
[White "Hernandez, Roman O"]
[Black "Browne, Walter S"]
[Result "0-1"]
[WhiteElo "2435"]
[BlackElo "2545"]
[PlyCount "62"]
[EventDate "1977.??.??"]
[Source "www.chesslib.no"]
[SourceDate "2004.05.04"]

1. c4 e5 2. Nc3 d6 3. Nf3 f5 4. d4 e4 5. Ng5 Nf6 6. e3 h6 7. Nh3 g5 8. f3 exf3 9. gxf3 Bg7 10. Nf2 O-O 11. Bg2 c5 12. dxc5 dxc5 13. Qxd8 Rxd8 14. Bd2 Nc6 15. O-O-O Be6 16. b3 Rd7 17. Na4 b6 18. h4 gxh4 19. Rxh4 Rad8 20. Rhh1 Nb4 21. Bxb4 cxb4 22. Nb2 Re8 23. Nbd3 Bf7 24. Rde1 b5 25. cxb5 Rc8+ 26. Kb1 Nd5 27. Nd1 Nc7 28. Nxb4 Nxb5 29. a4 Nc3+ 30. Nxc3 Rxc3 31. Rh4 Rdc7 0-1

[Event "Rilton Cup"]
[Site "Stockholm"]
[Date "2002.01.03"]
[Round "7"]
[White "Marin, Mihail"]
[Black "Hunt, Harriet"]
[Result "1/2-1/2"]
[WhiteElo "2561"]
[BlackElo "2406"]
[PlyCount "68"]
[EventDate "2001.12.27"]
[Source "ChessBase"]
[SourceDate "2002.01.21"]

1. c4 e5 2. Nc3 d6 3. Nf3 f5 4. d4 e4 5. Ng1 Nf6 6. e3 c6 7. Nh3 Be7 8. b4 Na6 9. b5 Nc7 10. Rb1 O-O 11. Be2 Kh8 12. Ba3 Qe8 13. Nf4 g5 14. Nh5 cxb5 15. Nxb5 Nxb5 16. Rxb5 a6 17. Rb6 Qd8 18. Qb3 Nxh5 19. Bxh5 g4 20. h3 gxh3 21. g3 Rf6 22. d5 Rh6 23. Bf7 Kg7 24. Be6 Bxe6 25. dxe6 Rb8 26. Bb2+ Kg8 27. O-O h2+ 28. Kh1 Qe8 29. c5 dxc5 30. Qd1 Qd8 31. Qxd8+ Bxd8 32. Rd6 Be7 33. Rb6 Bd8 34. Rd6 Be7 1/2-1/2

[Event "Moscow RUS"]
[Site "?"]
[Date "1996.??.??"]
[Round "8"]
[White "Ibragimov Ildar"]
[Black "Cherniaev Alexander"]
[Result "1/2-1/2"]
[WhiteElo "2545"]
[BlackElo "2420"]
[PlyCount "50"]
[EventDate "1996.??.??"]
[Source "www.chesslib.no"]
[SourceDate "2004.05.04"]

1. c4 e5 2. Nc3 d6 3. Nf3 Bg4 4. e3 Nd7 5. Be2 c6 6. d4 Ngf6 7. O-O Be7 8. Qc2 O-O 9. Rd1 Qc7 10. b3 Rfe8 11. Bb2 Bf8 12. dxe5 dxe5 13. Nd2 Be6 14. Nce4 h6 15. Nxf6+ Nxf6 16. Ne4 Be7 17. Nxf6+ Bxf6 18. Qe4 g6 19. Bg4 Bxg4 20. Qxg4 Rad8 21. Bc3 Rxd1+ 22. Rxd1 Rd8 23. g3 Bg7 24. Kg2 h5 25. Qe2 Rd7 1/2-1/2

[Event "Porz Citroen-Cup"]
[Site "Porz GER"]
[Date "1993.??.??"]
[Round "2"]
[White "Budnikov, Alexandar"]
[Black "Seul, Georg"]
[Result "1-0"]
[WhiteElo "2535"]
[BlackElo "2425"]
[PlyCount "69"]
[EventDate "1993.??.??"]
[Source "www.chesslib.no"]
[SourceDate "2004.05.04"]

1. c4 e5 2. Nc3 d6 3. Nf3 c5 4. g3 Nc6 5. Bg2 g6 6. a3 Bg7 7. O-O a5 8. d3 Nge7 9. Ne1 O-O 10. Nc2 Be6 11. Rb1 d5 12. cxd5 Nxd5 13. Ne3 Nde7 14. Bd2 b6 15. b4 axb4 16. axb4 cxb4 17. Ne4 Ba2 18. Rc1 Qd7 19. Nc4 Ra6 20. Qe1 f5 21. Ned6 b3 22. Bc3 Rb8 23. Nb5 Na5 24. Nca3 Nec6 25. Qd2 Re8 26. Qb2 Bf8 27. e3 Na7 28. Nxa7 Rxa7 29. Nb1 Bg7 30. Rfd1 Rc7 31. Bxa5 bxa5 32. Nc3 Rxc3 33. Qxc3 e4 34. Qxa5 Rd8 35. Bf1 1-0

[Event "BL 0607 SF Berlin - SC Bann"]
[Site "Germania"]
[Date "2007.03.17"]
[Round "12.4"]
[White "Poldauf, Dirk"]
[Black "Slobodjan, Roman"]
[Result "1/2-1/2"]
[WhiteElo "2433"]
[BlackElo "2525"]
[PlyCount "203"]
[EventDate "2006.10.28"]
[Source "www.chesslib.no"]
[SourceDate "2004.05.04"]

1. c4 e5 2. Nc3 d6 3. Nf3 c5 4. e3 f5 5. d4 e4 6. Ng1 Be7 7. Nh3 Nc6 8. Nf4 Nh6 9. Be2 O-O 10. O-O Bf6 11. dxc5 dxc5 12. Qd5+ Qxd5 13. cxd5 Ne5 14. f3 exf3 15. gxf3 Nhf7 16. e4 fxe4 17. Nxe4 Be7 18. Ne6 Bxe6 19. dxe6 Nd8 20. f4 Nec6 21. Be3 Nd4 22. Bxd4 cxd4 23. f5 Nc6 24. Rad1 Rad8 25. Kg2 Ne5 26. Ng3 d3 27. Bh5 Nc4 28. Rf3 d2 29. Rb3 b6 30. Be2 Ne5 31. Re3 Nc6 32. Rc3 Nb4 33. Rc7 Nd5 34. Rxa7 Ne3+ 35. Kf3 Nxf5 36. Nxf5 Rxf5+ 37. Ke4 Rf2 38. Rxe7 Rxe2+ 39. Kf3 Rxh2 40. Rd7 Re8 41. e7 Kf7 42. R1xd2 Rxd2 43. Rxd2 Rxe7 44. a4 Ke6 45. Rd4 Ke5 46. Rb4 Re6 47. Rb5+ Kd4 48. Kf4 Rf6+ 49. Kg4 Ke4 50. Kg3 Rg6+ 51. Kh3 Kd4 52. Kh4 Kc4 53. Kh3 Rd6 54. b3+ Kd4 55. Kg4 Ke4 56. Kh4 Kf4 57. Rb4+ Kf5 58. Rb5+ Kf6 59. b4 g6 60. a5 bxa5 61. bxa5 Rd4+ 62. Kg3 Ra4 63. Kf3 g5 64. Rb6+ Kf5 65. Rh6 g4+ 66. Kg2 Ra2+ 67. Kg3 Ra3+ 68. Kg2 Kf4 69. Rxh7 Ra2+ 70. Kg1 Kg3 71. Rf7 Rg2+ 72. Kf1 Ra2 73. Kg1 Kh3 74. Rh7+ Kg3 75. Rf7 Ra3 76. Rf1 Kh3 77. Rb1 Kh4 78. Kg2 Ra2+ 79. Kg1 Kh3 80. Rb3+ g3 81. Rb1 Ra3 82. Rc1 Kg4 83. a6 Kh3 84. a7 Rxa7 85. Rb1 Rf7 86. Ra1 Rf2 87. Ra8 Rf4 88. Rh8+ Kg4 89. Kg2 Rf2+ 90. Kg1 Rf4 91. Kg2 Rf2+ 92. Kg1 Rf7 93. Kg2 Rf2+ 94. Kg1 Rd2 95. Rg8+ Kf3 96. Rf8+ Ke3 97. Re8+ Kf4 98. Rf8+ Ke5 99. Re8+ Kf5 100. Rf8+ Ke5 101. Re8+ Kf6 102. Rg8 1/2-1/2

[Event "Mondariz Open"]
[Site "Mondariz ESP"]
[Date "1994.??.??"]
[Round "?"]
[White "Nedobora, Mikhail"]
[Black "Strikovic, Aleksa"]
[Result "1-0"]
[WhiteElo "2460"]
[BlackElo "2495"]
[PlyCount "63"]
[EventDate "1994.07.??"]
[Source "www.chesslib.no"]
[SourceDate "2004.05.04"]

1. c4 e5 2. Nc3 d6 3. Nf3 f5 4. e3 Nf6 5. Be2 g6 6. d4 e4 7. Ng5 Bg7 8. h4 h6 9. Nh3 Be6 10. Qb3 Qc8 11. Nf4 Bf7 12. f3 exf3 13. gxf3 g5 14. Rg1 Nc6 15. Qa4 Kf8 16. Nd3 gxh4 17. Nf4 Nh5 18. Nxh5 Bxh5 19. Nd5 Bf7 20. Nf4 Qe8 21. Bd2 Bf6 22. Qc2 Ne7 23. O-O-O Rg8 24. d5 Rg5 25. e4 fxe4 26. fxe4 Ng6 27. Rgf1 Kg8 28. Ne6 Qe7 29. Nxg5 hxg5 30. Rf5 Nf8 31. Rdf1 Nh7 32. Rxf6 1-0

[Event "Sao Paulo"]
[Site "Sao Paulo BRA"]
[Date "1977.??.??"]
[Round "6"]
[White "Miles, Anthony J"]
[Black "Trois, Francisco R T"]
[Result "0-1"]
[WhiteElo "2555"]
[BlackElo "2395"]
[PlyCount "70"]
[EventDate "1977.05.??"]
[Source "www.chesslib.no"]
[SourceDate "2004.05.04"]

1. c4 e5 2. Nc3 d6 3. Nf3 Bg4 4. e3 Nf6 5. h3 Bh5 6. d3 Be7 7. Be2 O-O 8. Bd2 c6 9. b4 Re8 10. O-O Nbd7 11. g4 Bg6 12. g5 Nh5 13. Ne1 Nhf6 14. gxf6 Nxf6 15. f4 exf4 16. Rxf4 d5 17. c5 Qd7 18. Bg4 Nxg4 19. Qxg4 f5 20. Qg2 Bd8 21. Ne2 Bc7 22. Rf2 d4 23. exd4 Rxe2 24. Rxe2 Qxd4+ 25. Qf2 Qxa1 26. Re7 Be5 27. Rxb7 Re8 28. Kg2 Qxa2 29. Be3 Qa6 30. Rd7 f4 31. Bd4 Bf5 32. b5 cxb5 33. Rd5 Qc6 34. Qf3 Bxd4 35. Rxd4 Re2+ 0-1

[Event "Budapest HUN"]
[Site "Budapest HUN"]
[Date "1973.??.??"]
[Round "?"]
[White "Portisch, Lajos"]
[Black "Szabo, Laszlo"]
[Result "1-0"]
[WhiteElo "2650"]
[BlackElo "2300"]
[PlyCount "71"]
[EventDate "1973.??.??"]
[Source "www.chesslib.no"]
[SourceDate "2004.05.04"]

1. c4 e5 2. Nc3 d6 3. Nf3 c5 4. e3 f5 5. d4 e4 6. Nd2 cxd4 7. exd4 Nf6 8. Nb3 d5 9. Bg5 Bb4 10. Nd2 Be7 11. cxd5 Ng4 12. Bb5+ Nd7 13. Bxe7 Qxe7 14. d6 Qxd6 15. Ndxe4 fxe4 16. Qxg4 O-O 17. Qxe4 Nf6 18. Qe5 Qb4 19. O-O Qxb2 20. Nd5 Ng4 21. Ne7+ Kh8 22. Qh5 Bf5 23. a4 Nh6 24. Nxf5 Rxf5 25. Qe2 Qxd4 26. Rad1 Qe5 27. Qxe5 Rxe5 28. Rd7 a6 29. Bd3 Ra5 30. Bc2 b5 31. Rd5 Nf7 32. Re1 g6 33. Re7 Kg8 34. h4 Rc8 35. Bb3 Rc3 36. Rd8+ 1-0

[Event "DSV-Turnier"]
[Site "Halle"]
[Date "1974.??.??"]
[Round "?"]
[White "Uhlmann, Wolfgang"]
[Black "Rodriguez Gonzales, Jesus"]
[Result "1-0"]
[WhiteElo "2550"]
[BlackElo "2390"]
[PlyCount "67"]
[EventDate "1974.??.??"]
[Source "ChessBase"]

1. c4 e5 2. Nc3 d6 3. Nf3 f5 4. d4 e4 5. Ng5 Be7 6. Nh3 Nf6 7. e3 O-O 8. Be2 c6 9. O-O Na6 10. f3 Nc7 11. Qb3 Kh8 12. Bd2 Rb8 13. Be1 b5 14. Bg3 Bd7 15. cxb5 Nxb5 16. Nxb5 cxb5 17. Ng5 Qe8 18. fxe4 fxe4 19. Ne6 Rg8 20. Rac1 a5 21. d5 a4 22. Qd1 Qg6 23. Nf4 Qg5 24. Qd2 Rgc8 25. Rfd1 Rxc1 26. Rxc1 Bd8 27. Ne6 Bxe6 28. dxe6 Bb6 29. Kh1 Qxe3 30. Qxe3 Bxe3 31. Rc6 Re8 32. Bxb5 g5 33. Rxd6 Rb8 34. Be5 1-0

[Event "10th TCh-Euro sen"]
[Site "Dresden GER"]
[Date "2008.02.18"]
[Round "8"]
[White "Uhlmann, W."]
[Black "Tseshkovsky, V."]
[Result "1/2-1/2"]
[WhiteElo "2434"]
[BlackElo "2504"]
[PlyCount "75"]
[EventDate "2008.02.11"]
[Source "www.chesslib.no"]
[SourceDate "2004.05.04"]

1. c4 e5 2. Nc3 d6 3. Nf3 f5 4. d4 e4 5. Ng5 Be7 6. Nh3 Nf6 7. e3 O-O 8. Be2 c6 9. O-O Kh8 10. b4 d5 11. b5 Nbd7 12. Nf4 Nb6 13. c5 Nc4 14. bxc6 bxc6 15. Bxc4 dxc4 16. Qa4 g5 17. Nfe2 Qc7 18. Qxc4 Ng4 19. g3 Bf6 20. h3 Nh6 21. Rb1 Bg7 22. Kg2 Nf7 23. Rh1 Bf6 24. Bd2 Qe7 25. Qa4 Bd7 26. Qa6 Nd8 27. d5 Qxc5 28. dxc6 Qxc6 29. Qxc6 Bxc6 30. Nb5 f4 31. exf4 gxf4 32. Nxf4 a6 33. Nc3 Ra7 34. Nce2 Rg7 35. Ng1 Bb5 36. Nh5 Bh4 37. Rh2 Be2 38. Be1 1/2-1/2

[Event "Plovdiv"]
[Site "Plovdiv"]
[Date "1984.??.??"]
[Round "13"]
[White "Velikov, Petar"]
[Black "Lukin, Andrei M"]
[Result "1/2-1/2"]
[WhiteElo "2465"]
[BlackElo "2470"]
[PlyCount "29"]
[EventDate "1984.06.??"]
[Source "ChessBase"]

1. c4 e5 2. Nc3 d6 3. Nf3 f5 4. d4 e4 5. Ng5 Be7 6. Nh3 Nf6 7. e3 O-O 8. b4 c6 9. Qb3 Kh8 10. Be2 Na6 11. b5 Nc7 12. bxc6 bxc6 13. Ba3 Qe8 14. O-O h6 15. f3 1/2-1/2

[Event "Primat 5th"]
[Site "Decin CZE"]
[Date "1975.06.08"]
[Round "5"]
[White "Malich, Burkhard"]
[Black "Lechtynsky, Jiri"]
[Result "1-0"]
[WhiteElo "2520"]
[BlackElo "2410"]
[PlyCount "77"]
[EventDate "1975.06.03"]
[Source "www.chesslib.no"]
[SourceDate "2004.05.04"]

1. c4 e5 2. Nc3 d6 3. Nf3 c5 4. e3 Nc6 5. d4 exd4 6. exd4 Bg4 7. Be2 Bxf3 8. Bxf3 Nxd4 9. O-O Nxf3+ 10. Qxf3 Qd7 11. Re1+ Ne7 12. Nb5 a6 13. Qxb7 Qxb7 14. Nxd6+ Kd7 15. Nxb7 Nc6 16. Bf4 Nd4 17. Rad1 Kc6 18. Na5+ Kb6 19. Nb3 Nxb3 20. axb3 Kc6 21. Rd5 g6 22. Kf1 h6 23. Red1 g5 24. Be5 Rg8 25. Bd6 Kb6 26. Bxf8 Rgxf8 27. Rd6+ Kc7 28. Rxh6 Rh8 29. Rxh8 Rxh8 30. Rd5 Kc6 31. Rxg5 Rxh2 32. Rf5 Rh1+ 33. Ke2 Rb1 34. Rf6+ Kb7 35. Rxf7+ Kb6 36. Kd3 Rxb2 37. Kc3 Rb1 38. g4 Ka5 39. Rf5 1-0

[Event "Chebanenco mem 1st"]
[Site "Kishinev"]
[Date "1998.02.15"]
[Round "7"]
[White "Iordachescu, Viorel"]
[Black "Chernov, Vadim"]
[Result "0-1"]
[WhiteElo "2520"]
[BlackElo "2405"]
[PlyCount "102"]
[EventDate "1998.02.09"]
[Source "ChessBase"]
[SourceDate "1998.06.15"]

1. c4 e5 2. Nc3 d6 3. Nf3 f5 4. d4 e4 5. Ng5 c6 6. g3 Be7 7. h4 Nf6 8. Nh3 O-O 9. Nf4 Na6 10. e3 Nc7 11. d5 Ng4 12. Be2 Ne5 13. Qd2 c5 14. b3 Bf6 15. Bb2 Qe7 16. Nh5 Ne8 17. a4 Qf7 18. O-O-O Nd3+ 19. Bxd3 Qxh5 20. Be2 Qf7 21. h5 h6 22. f3 exf3 23. Bxf3 Bd7 24. Rdf1 Be5 25. Bd1 Nf6 26. Rf3 Qe7 27. Bc2 Ne4 28. Qe1 Rae8 29. Nxe4 fxe4 30. Rf4 Bxf4 31. gxf4 Bf5 32. Rg1 Rf7 33. Bd1 Qd7 34. Qh4 b6 35. Bg4 Bxg4 36. Rxg4 Kf8 37. Rg6 Ree7 38. Qg3 Ke8 39. Kb1 Kd8 40. f5 Kc7 41. Bxg7 Rxf5 42. Bxh6 Rf3 43. Qh2 Ref7 44. Rg1 Rf1+ 45. Rxf1 Rxf1+ 46. Ka2 Qg4 47. Bf4 Qf3 48. Bxd6+ Kb7 49. Qe5 Qxe3 50. Qg7+ Ka6 51. Be5 Rf3 0-1

[Event "Cardoza US Open"]
[Site "?"]
[Date "1998.08.07"]
[Round "7"]
[White "Mulyar Michael A"]
[Black "Blatny Pavel"]
[Result "0-1"]
[WhiteElo "2400"]
[BlackElo "2520"]
[PlyCount "83"]
[EventDate "1998.??.??"]
[Source "www.chesslib.no"]
[SourceDate "2004.05.04"]

1. c4 e5 2. Nc3 d6 3. Nf3 Bg4 4. g3 Bxf3 5. exf3 Nc6 6. Bg2 Nge7 7. d3 g6 8. f4 Bg7 9. O-O O-O 10. Be3 Qd7 11. Nd5 exf4 12. Bxf4 Nd4 13. Re1 Nxd5 14. cxd5 Rfe8 15. Be3 Re7 16. Rc1 Rae8 17. Rc4 b5 18. Rc1 Nf5 19. Bd2 Rxe1+ 20. Bxe1 Bxb2 21. Rc2 Bd4 22. Bh3 Re5 23. Ba5 Qe8 24. Qf3 Qa8 25. Bg2 Bc5 26. Bc3 Re7 27. g4 Nd4 28. Qf6 Re5 29. Kf1 Qe8 30. Rc1 b4 31. Bd2 Re2 32. Qf4 Nf3 33. Be3 Rxe3 34. Bxf3 Rxd3 35. Re1 Qf8 36. Re2 Kg7 37. g5 Qd8 38. h4 Rd4 39. Re4 Rxd5 40. Bg4 f5 41. gxf6+ Qxf6 42. Be6 0-1

[Event "Malmo2"]
[Site "Malmo"]
[Date "1993.??.??"]
[Round "?"]
[White "Schwartzman, Gabriel"]
[Black "Agrest, Evgenij"]
[Result "0-1"]
[WhiteElo "2455"]
[BlackElo "2465"]
[PlyCount "88"]
[EventDate "1993.??.??"]
[Source "ChessBase"]

1. c4 e5 2. Nc3 d6 3. Nf3 f5 4. d4 e4 5. Ng5 c6 6. Nh3 Be7 7. g3 Nf6 8. Bg2 O-O 9. O-O Kh8 10. d5 Nbd7 11. b3 Ne5 12. Bb2 Rb8 13. dxc6 bxc6 14. c5 Neg4 15. cxd6 Bxd6 16. Qc2 Qe7 17. Rad1 Ba6 18. Bc1 Rbc8 19. Rfe1 Be5 20. Na4 Nd5 21. Bg5 Bf6 22. Bxf6 Ngxf6 23. Qc5 Qc7 24. Ng5 Rfe8 25. Qc1 h6 26. Nh3 c5 27. Nf4 Nxf4 28. Qxf4 Qxf4 29. gxf4 Re6 30. Rd2 c4 31. Rc1 cxb3 32. Rxc8+ Bxc8 33. axb3 Rc6 34. h3 Be6 35. Rb2 Nd5 36. e3 Rc1+ 37. Bf1 Nb4 38. Kg2 Nd3 39. Bxd3 exd3 40. b4 Bd5+ 41. Kg3 Rg1+ 42. Kh2 Rg2+ 43. Kh1 Rxf2+ 44. Kg1 Rc2 0-1

[Event "Banyoles op 3rd"]
[Site "?"]
[Date "2000.??.??"]
[Round "9"]
[White "Granados Gomez Manuel"]
[Black "Kogan Artur"]
[Result "1/2-1/2"]
[WhiteElo "2408"]
[BlackElo "2504"]
[PlyCount "68"]
[EventDate "2000.??.??"]
[Source "www.chesslib.no"]
[SourceDate "2004.05.04"]

1. c4 e5 2. Nc3 d6 3. Nf3 f5 4. d4 e4 5. Ng5 Be7 6. Nh3 c6 7. g3 Nd7 8. Nf4 Nb6 9. e3 Nf6 10. h4 O-O 11. Bd2 Qe8 12. b4 Qf7 13. Qb3 c5 14. bxc5 dxc5 15. Nb5 Ng4 16. Be2 Bf6 17. Rb1 Qe7 18. Nd5 Nxd5 19. cxd5 Kh8 20. dxc5 Bd7 21. Bb4 Bxb5 22. Bxb5 a5 23. Ba3 a4 24. Qc2 f4 25. d6 Qd8 26. exf4 Bd4 27. Rf1 e3 28. f3 e2 29. Kxe2 Ne3 30. Qe4 Nf5 31. Kd3 Rc8 32. Qd5 Qa5 33. Rfc1 Be3 34. Rc3 Bd4 1/2-1/2

[Event "Sombor"]
[Site "Sombor"]
[Date "1974.??.??"]
[Round "12"]
[White "Vadasz, Laszlo"]
[Black "Rukavina, Josip"]
[Result "1/2-1/2"]
[WhiteElo "2460"]
[BlackElo "2450"]
[PlyCount "23"]
[EventDate "1974.??.??"]
[Source "www.chesslib.no"]
[SourceDate "2004.05.04"]

1. c4 e5 2. Nc3 d6 3. Nf3 f5 4. d4 e4 5. Nd2 Nf6 6. e3 g6 7. Be2 Bg7 8. O-O Bh6 9. b4 O-O 10. a4 Be6 11. b5 Nbd7 12. a5 1/2-1/2

[Event "Cutro"]
[Site "?"]
[Date "2000.05.07"]
[Round "9"]
[White "Gorbatow Alexej"]
[Black "Kogan Artur"]
[Result "0-1"]
[WhiteElo "2423"]
[BlackElo "2483"]
[PlyCount "70"]
[EventDate "2000.??.??"]
[Source "www.chesslib.no"]
[SourceDate "2004.05.04"]

1. c4 e5 2. Nc3 d6 3. Nf3 f5 4. d4 e4 5. Ng5 Be7 6. Nh3 c6 7. Be3 Nf6 8. Qb3 Na6 9. g3 Nc7 10. d5 Ng4 11. Bf4 cxd5 12. cxd5 O-O 13. f3 exf3 14. exf3 g5 15. Bd2 Ne5 16. Be2 Ng6 17. f4 h6 18. O-O-O b5 19. Bh5 Kh7 20. Ne2 Bb7 21. Ba5 Qd7 22. Nf2 Bf6 23. Kb1 Ne7 24. Bf3 g4 25. Bg2 Rac8 26. h3 gxh3 27. Rxh3 Rfe8 28. Nc3 Bg7 29. Rdh1 Kg8 30. Qd1 b4 31. Bxb4 Nb5 32. Qd3 Ba6 33. Ka1 Nxc3 34. Qxa6 Na4 35. Nd3 Rc7 0-1

[Event "URS Ch sf"]
[Site "Daugavpils LAT"]
[Date "1978.??.??"]
[Round "?"]
[White "Lerner, Konstantin Z"]
[Black "Lukin, Andrei M"]
[Result "1/2-1/2"]
[WhiteElo "2445"]
[BlackElo "2460"]
[PlyCount "114"]
[EventDate "1978.06.??"]
[Source "www.chesslib.no"]
[SourceDate "2004.05.04"]

1. c4 e5 2. Nc3 d6 3. Nf3 f5 4. d4 e4 5. Ng5 Be7 6. Nh3 Nf6 7. e3 O-O 8. Be2 c6 9. Nf4 Na6 10. h4 Nc7 11. d5 Nd7 12. h5 c5 13. b3 Ne5 14. Bb2 Rb8 15. Qd2 a6 16. a4 Bf6 17. f3 exf3 18. gxf3 b5 19. Nd3 Nxd3+ 20. Bxd3 bxa4 21. bxa4 Bd7 22. Rb1 Re8 23. Kf1 Qe7 24. Bc1 Qe5 25. Rxb8 Rxb8 26. Ne2 Rb4 27. a5 Qa1 28. Kg2 Qxa5 29. e4 Qa1 30. exf5 h6 31. Qf4 Qe5 32. Qxe5 Bxe5 33. Re1 Ne8 34. Bf4 Bf6 35. Ng3 Rb3 36. Rd1 a5 37. Ne4 Bd4 38. Bc1 a4 39. Bc2 Rb4 40. Ba3 Rxc4 41. Bd3 Rb4 42. Bxb4 cxb4 43. f4 Bb2 44. Bc4 Bxf5 45. Re1 Bd7 46. Kf3 b3 47. Rb1 Ba3 48. Bxb3 axb3 49. Rxb3 Bc5 50. Nxc5 dxc5 51. Rc3 Nf6 52. Rxc5 Kf7 53. Ke3 Nxh5 54. Ke4 Nf6+ 55. Ke5 Kg6 56. Rc1 h5 57. Rg1+ Bg4 1/2-1/2

[Event "Trencianske Teplice"]
[Site "Trencianske Teplice"]
[Date "1974.??.??"]
[Round "8"]
[White "Raicevic, Vladimir"]
[Black "Navarovszky, Laszlo"]
[Result "0-1"]
[WhiteElo "2490"]
[BlackElo "2415"]
[PlyCount "84"]
[EventDate "1974.??.??"]
[Source "ChessBase"]

1. c4 e5 2. Nc3 d6 3. Nf3 f5 4. d3 Nf6 5. g3 Be7 6. Bg2 O-O 7. O-O c6 8. c5 Qe8 9. cxd6 Bxd6 10. b4 Kh8 11. Rb1 Qh5 12. b5 f4 13. bxc6 Nxc6 14. Ne4 Nxe4 15. dxe4 Be7 16. Qa4 Rf6 17. Rb5 Bh3 18. Rxb7 Rh6 19. Rd1 Bxg2 20. Kxg2 Qh3+ 21. Kg1 Bc5 22. Qc4 fxg3 23. Qxc5 Nd4 24. Qxd4 gxh2+ 25. Kh1 exd4 26. Ng5 Qh4 27. Nf7+ Kg8 28. Nxh6+ gxh6 29. f3 Qf2 30. Bb2 Rd8 31. Rc1 a6 32. Re7 Qxe2 33. Rcc7 Qxf3+ 34. Kxh2 Qh5+ 35. Kg3 Qg5+ 36. Kh2 Rf8 37. Rg7+ Qxg7 38. Rxg7+ Kxg7 39. Bxd4+ Kg6 40. Kg3 Rf1 41. Bc5 Kf6 42. Kg2 Rf4 0-1

[Event "Spring Open"]
[Site "Budapest HUN"]
[Date "1990.??.??"]
[Round "5"]
[White "Arbakov, Valentin"]
[Black "Marin, Mihail"]
[Result "1-0"]
[WhiteElo "2415"]
[BlackElo "2480"]
[PlyCount "103"]
[EventDate "1990.??.??"]
[Source "www.chesslib.no"]
[SourceDate "2004.05.04"]

1. c4 e5 2. Nc3 d6 3. Nf3 f5 4. d4 e4 5. Ng5 Nf6 6. f3 Be7 7. fxe4 h6 8. Nh3 fxe4 9. Nf2 Bf5 10. Qb3 Nc6 11. e3 Qc8 12. Bd2 O-O 13. Be2 Nd8 14. Nd5 Qd7 15. Nxe7+ Qxe7 16. O-O c5 17. Nh1 Bg6 18. Ng3 Nc6 19. Bc3 Nh7 20. dxc5 dxc5 21. Bh5 Bxh5 22. Nxh5 Ne5 23. Nf4 Nd3 24. Qc2 Rad8 25. Qe2 Rd6 26. Nh5 Rg6 27. Rxf8+ Nxf8 28. Rf1 Nd7 29. Nf4 Rd6 30. Nd5 Qe6 31. Qh5 N7e5 32. b3 Kh7 33. h3 Qg6 34. Qxg6+ Kxg6 35. Nf4+ Nxf4 36. Rxf4 Nc6 37. Rg4+ Kf5 38. Bxg7 Rd1+ 39. Kh2 Rd2 40. Bxh6 Rxa2 41. Rg5+ Ke6 42. Rxc5 Ra5 43. Rb5 Rxb5 44. cxb5 Na5 45. b4 Nc4 46. g4 Na3 47. h4 Nxb5 48. h5 b6 49. Bg7 a5 50. bxa5 bxa5 51. Bb2 Nd6 52. h6 1-0

[Event "TCh-RUS, Tomsk RUS"]
[Site "?"]
[Date "2001.??.??"]
[Round "3"]
[White "Gerasimov, V."]
[Black "Tseshkovsky, V."]
[Result "0-1"]
[WhiteElo "2340"]
[BlackElo "2555"]
[PlyCount "100"]
[EventDate "2001.??.??"]
[Source "www.chesslib.no"]
[SourceDate "2004.05.04"]

1. c4 e5 2. Nc3 d6 3. Nf3 f5 4. d3 Nf6 5. g3 Be7 6. Bg2 O-O 7. c5 Kh8 8. cxd6 cxd6 9. O-O Nc6 10. a3 d5 11. e3 e4 12. Ne1 Be6 13. b4 Rc8 14. Bb2 d4 15. exd4 Nxd4 16. dxe4 Bc4 17. e5 Ng4 18. Bxb7 Bb3 19. Qd2 Nxe5 20. Qf4 Rxc3 21. Qxe5 Bf6 22. Qa5 Qd7 23. Bg2 Bd8 24. Qa6 Bc4 25. Qb7 Ne2+ 26. Kh1 Qxb7 27. Bxb7 Rb3 28. Be5 Re8 29. Nf3 Rxf3 30. Bxg7+ Kxg7 31. Bxf3 Nd4 32. Rfc1 Bf7 33. Bb7 Nb3 34. Bc6 Rf8 35. a4 Be7 36. b5 Bd8 37. Rd1 Nxa1 38. Rxa1 Ba5 39. Rd1 Rd8 40. Rc1 Rd2 41. f3 h5 42. Rc5 Kf6 43. Bb7 Bb6 44. Rc1 Ra2 45. Rc6+ Ke7 46. Rc3 Rxa4 47. h3 Rc4 48. Rd3 Rc1+ 49. Kg2 Rc2+ 50. Kh1 Bc4 0-1

[Event "Dundee Open"]
[Site "Dundee SCO"]
[Date "1996.??.??"]
[Round "5"]
[White "McNab, Colin Anderson"]
[Black "Rowson, Jonathan"]
[Result "1/2-1/2"]
[WhiteElo "2465"]
[BlackElo "2415"]
[PlyCount "71"]
[EventDate "1996.??.??"]
[Source "www.chesslib.no"]
[SourceDate "2004.05.04"]

1. c4 e5 2. Nc3 d6 3. Nf3 f5 4. d4 e4 5. Ng5 c6 6. g3 Be7 7. h4 Nf6 8. e3 Na6 9. Be2 Nc7 10. d5 cxd5 11. cxd5 O-O 12. b3 Nd7 13. Nh3 Bf6 14. Bb2 Be5 15. Qd2 Nf6 16. Nf4 Bd7 17. O-O Qe7 18. Rac1 Rfc8 19. Rfd1 Be8 20. a4 Bf7 21. Nb5 Nxb5 22. Bxb5 Rxc1 23. Qxc1 Bxb2 24. Qxb2 Qe5 25. Qc2 Kf8 26. Qc7 Qe7 27. Qc3 a6 28. Be2 Qd7 29. Qb4 Ke7 30. Bc4 Rc8 31. Qb6 Qc7 32. Qxc7+ Rxc7 33. Rd4 Ng4 34. Be2 Ne5 35. Kg2 a5 36. b4 1/2-1/2